[Event "46. Toreno La Roda 2019"]
[Site "La Roda ESP"]
[Date "2019.04.20"]
[Round "6.21"]
[White "Nieves Cabanes, Jose Manuel"]
[Black "Tadevosyan, Aspet"]
[Result "1/2-1/2"]
[WhiteElo "2315"]
[BlackElo "2123"]
[PlyCount "101"]
[EventDate "2019.04.17"]
[EventType "swiss"]
[EventRounds "9"]
[EventCountry "ESP"]
[SourceTitle "Ajedrez en Madrid"]
[Source "lmi"]
[SourceDate "2019.04.17"]
[SourceVersion "1"]
[SourceVersionDate "2019.04.22"]
[SourceQuality "1"]

1. Nf3 Nf6 2. g3 d5 3. Bg2 e6 4. O-O Be7 5. b3 O-O 6. c4 b6 7. Bb2 Bb7 8. cxd5
Bxd5 9. Nc3 Bb7 10. Rc1 c5 11. d4 Nc6 12. dxc5 Bxc5 13. Na4 Bd6 14. Nd4 Na5 15.
Bxb7 Nxb7 16. Nc6 Qd7 17. Bxf6 gxf6 18. e3 Rfc8 19. Nd4 Ba3 20. Qg4+ Kh8 21.
Rcd1 Qe7 22. Nb5 Bc5 23. Nxc5 Rxc5 24. a4 a6 25. Nd4 Rac8 26. e4 Rc3 27. Rfe1
Na5 28. b4 Nc6 29. Nxc6 R3xc6 30. e5 fxe5 31. Rxe5 Qf6 32. Re4 Qf5 33. Qxf5
exf5 34. Red4 Kg7 35. Kg2 Rc2 36. Rf4 R2c4 37. Rdd4 Rxd4 38. Rxd4 Rc3 39. Rd6
Ra3 40. Rxb6 Rxa4 41. Kf3 a5 42. bxa5 Rxa5 43. h4 Ra4 44. Rd6 h5 45. Ke3 Re4+
46. Kd3 Ra4 47. Rd4 Ra3+ 48. Kc4 Ra2 49. Rf4 Kf6 50. Kd5 Rd2+ 51. Kc4 1/2-1/2

[Event "46. Toreno La Roda 2019"]
[Site "La Roda ESP"]
[Date "2019.04.20"]
[Round "6.22"]
[White "Rodriguez Garcia, Carlos"]
[Black "Orantes Taboada, Francisco"]
[Result "0-1"]
[WhiteElo "2131"]
[BlackElo "2311"]
[PlyCount "94"]
[EventDate "2019.04.17"]
[EventType "swiss"]
[EventRounds "9"]
[EventCountry "ESP"]
[SourceTitle "Ajedrez en Madrid"]
[Source "lmi"]
[SourceDate "2019.04.17"]
[SourceVersion "1"]
[SourceVersionDate "2019.04.22"]
[SourceQuality "1"]

1. e4 c5 2. Nf3 Nc6 3. Bb5 a6 4. Bxc6 dxc6 5. O-O Qc7 6. d3 e5 7. Nc3 Bd6 8.
Ne2 Ne7 9. h3 O-O 10. Nh2 Ng6 11. Ng3 Be6 12. Nf5 Rad8 13. Ng4 c4 14. Qf3 f6
15. dxc4 Bxc4 16. Rd1 Bc5 17. Rxd8 Rxd8 18. Bh6 Bf8 19. Be3 Be6 20. Rd1 Kh8 21.
Ng3 Bc4 22. Nf5 a5 23. b3 Be6 24. Ng3 a4 25. Rxd8 Qxd8 26. Qe2 axb3 27. axb3
Bb4 28. Nf1 Nf4 29. Bxf4 exf4 30. e5 f5 31. Ngh2 Bc3 32. Nf3 g5 33. N3d2 g4 34.
hxg4 fxg4 35. Ne4 Bxe5 36. Nc5 Qd5 37. Nxe6 Qxe6 38. Nd2 b5 39. Qd3 Kg7 40. Ne4
Qd5 41. Qe2 h5 42. Qd2 Qxe4 43. Qd7+ Kf6 44. Qd8+ Ke6 45. Qe8+ Kd6 46. Qd8+ Kc5
47. Qe7+ Kb6 0-1

[Event "46. Toreno La Roda 2019"]
[Site "La Roda ESP"]
[Date "2019.04.20"]
[Round "7.1"]
[White "Popov, Ivan"]
[Black "Perez Candelario, Manuel"]
[Result "1/2-1/2"]
[WhiteElo "2585"]
[BlackElo "2615"]
[PlyCount "21"]
[EventDate "2019.04.17"]
[EventType "swiss"]
[EventRounds "9"]
[EventCountry "ESP"]
[SourceTitle "Ajedrez en Madrid"]
[Source "lmi"]
[SourceDate "2019.04.17"]
[SourceVersion "1"]
[SourceVersionDate "2019.04.22"]
[SourceQuality "1"]

1. e4 e5 2. Nf3 Nc6 3. Nc3 Nf6 4. d4 exd4 5. Nxd4 Bb4 6. Nxc6 bxc6 7. Bd3 d5 8.
exd5 O-O 9. O-O cxd5 10. Bg5 c6 11. Qf3 1/2-1/2

[Event "46. Toreno La Roda 2019"]
[Site "La Roda ESP"]
[Date "2019.04.20"]
[Round "7.2"]
[White "Solodovnichenko, Yuri"]
[Black "Forcen Esteban, Daniel"]
[Result "1/2-1/2"]
[WhiteElo "2554"]
[BlackElo "2567"]
[PlyCount "23"]
[EventDate "2019.04.17"]
[EventType "swiss"]
[EventRounds "9"]
[EventCountry "ESP"]
[SourceTitle "Ajedrez en Madrid"]
[Source "lmi"]
[SourceDate "2019.04.17"]
[SourceVersion "1"]
[SourceVersionDate "2019.04.22"]
[SourceQuality "1"]

1. e4 e5 2. Nf3 Nc6 3. Bb5 g6 4. d4 exd4 5. c3 Bg7 6. cxd4 a6 7. Ba4 b5 8. Bc2
d6 9. h3 Nf6 10. Nc3 O-O 11. O-O Bb7 12. Re1 1/2-1/2

[Event "46. Toreno La Roda 2019"]
[Site "La Roda ESP"]
[Date "2019.04.20"]
[Round "7.5"]
[White "Campora, Daniel H."]
[Black "Grigoryan, Karen H."]
[Result "1-0"]
[WhiteElo "2405"]
[BlackElo "2545"]
[PlyCount "131"]
[EventDate "2019.04.17"]
[EventType "swiss"]
[EventRounds "9"]
[EventCountry "ESP"]
[SourceTitle "Ajedrez en Madrid"]
[Source "lmi"]
[SourceDate "2019.04.17"]
[SourceVersion "1"]
[SourceVersionDate "2019.04.22"]
[SourceQuality "1"]

1. Nf3 c5 2. g3 d5 3. Bg2 Nc6 4. d4 cxd4 5. Nxd4 e5 6. Nxc6 bxc6 7. c4 Be6 8.
O-O Qd7 9. cxd5 cxd5 10. Nc3 Rd8 11. e3 Nf6 12. Qa4 Be7 13. Bd2 O-O 14. Qxd7
Rxd7 15. Rfc1 Bf5 16. Na4 Ne4 17. Be1 d4 18. f3 Nd6 19. e4 Bg6 20. Nc5 Rdd8 21.
Nd3 Bg5 22. f4 exf4 23. gxf4 Bh6 24. Ba5 Nxe4 25. Bxd8 Rxd8 26. Ne5 Nf6 27. Nc6
Rf8 28. Rf1 d3 29. Ne7+ Kh8 30. Nxg6+ hxg6 31. Rad1 Nh5 32. Rxd3 Bxf4 33. Bd5
f5 34. Rh3 Bh6 35. Be6 Nf6 36. Rc1 Ng4 37. Rc7 a5 38. Kf1 Ne3+ 39. Kf2 Nd1+ 40.
Ke2 Nxb2 41. Rhc3 Bf4 42. Rc8 Rxc8 43. Rxc8+ Kh7 44. Rc2 Be5 45. Rc5 Bxh2 46.
Rxa5 Kh6 47. Bf7 Kg5 48. Ra6 Be5 49. Rxg6+ Kf4 50. Bb3 Ke4 51. Bc2+ Kd4 52.
Bxf5 Kc5 53. Be6 Na4 54. Kd3 Kb4 55. Bb3 Nc5+ 56. Kc2 Bf6 57. Rg4+ Ka5 58. Rf4
Kb5 59. Bf7 Ka5 60. Rf5 Kb6 61. Be8 Ne6 62. Kd3 Nc5+ 63. Kc4 Ne4 64. Rd5 Nc3
65. Rd6+ Ka5 66. Rxf6 1-0

[Event "46. Toreno La Roda 2019"]
[Site "La Roda ESP"]
[Date "2019.04.20"]
[Round "7.6"]
[White "Ibarra Jerez, Jose Carlos"]
[Black "Jimenez Martinez, Jose Vicente"]
[Result "1-0"]
[WhiteElo "2542"]
[BlackElo "2243"]
[PlyCount "117"]
[EventDate "2019.04.17"]
[EventType "swiss"]
[EventRounds "9"]
[EventCountry "ESP"]
[SourceTitle "Ajedrez en Madrid"]
[Source "lmi"]
[SourceDate "2019.04.17"]
[SourceVersion "1"]
[SourceVersionDate "2019.04.22"]
[SourceQuality "1"]

1. e4 d6 2. d4 g6 3. Nc3 Bg7 4. Be3 a6 5. Nf3 b5 6. Bd3 Bb7 7. e5 Nd7 8. e6
fxe6 9. Ng5 Nf8 10. O-O Nh6 11. a4 b4 12. Ne2 Nf7 13. f4 Nxg5 14. fxg5 e5 15.
c3 Qd7 16. Qb3 O-O-O 17. d5 c6 18. cxb4 cxd5 19. b5 a5 20. Bb6 Ne6 21. Qc3+ Kb8
22. Qxa5 Ba8 23. Bxd8 Rxd8 24. b6 d4 25. Rac1 Qb7 26. Be4 d5 27. Bf3 Rd6 28.
Bg4 Qxb6 29. Qxb6+ Rxb6 30. Bxe6 Rxe6 31. Rf7 d3 32. Nc3 e4 33. Rxg7 Bc6 34.
Rd1 d4 35. Nxe4 Rxe4 36. Rxd3 Bxa4 37. Rxh7 Kc7 38. Rg7 Be8 39. Kf2 Kd6 40. Rf3
e6 41. Rf8 Bb5 42. Rd8+ Ke5 43. Rxg6 Re2+ 44. Kg3 Bc6 45. h4 Rxg2+ 46. Kh3 Rxb2
47. Rf6 Be4 48. Kg4 Rg2+ 49. Kh5 Bf5 50. Kh6 Rh2 51. Rxf5+ Kxf5 52. Rxd4 e5 53.
Ra4 e4 54. h5 e3 55. g6 e2 56. Ra1 Rf2 57. g7 Rg2 58. Kh7 Rh2 59. h6 1-0

[Event "46. Toreno La Roda 2019"]
[Site "La Roda ESP"]
[Date "2019.04.20"]
[Round "7.7"]
[White "Valmana Canto, Jaime"]
[Black "Burmakin, Vladimir"]
[Result "0-1"]
[WhiteElo "2377"]
[BlackElo "2495"]
[PlyCount "54"]
[EventDate "2019.04.17"]
[EventType "swiss"]
[EventRounds "9"]
[EventCountry "ESP"]
[SourceTitle "Ajedrez en Madrid"]
[Source "lmi"]
[SourceDate "2019.04.17"]
[SourceVersion "1"]
[SourceVersionDate "2019.04.22"]
[SourceQuality "1"]

1. Nf3 d5 2. g3 c6 3. c4 Nf6 4. Bg2 Bf5 5. Qb3 Qb6 6. Nc3 e6 7. O-O Nbd7 8. d3
Nc5 9. Qxb6 axb6 10. Nd4 Bg6 11. cxd5 exd5 12. f4 Ne6 13. Nb3 Nc5 14. Nd4 Ne6
15. Nc2 Bc5+ 16. Kh1 d4 17. Nd1 Bf5 18. b4 Be7 19. Bb2 O-O-O 20. Nf2 h5 21. h3
Nd5 22. Nxd4 Nxd4 23. Bxd4 Nxf4 24. Bxb6 Nxe2 25. Bxd8 Nxg3+ 26. Kg1 Rxd8 27.
Rfb1 Bf6 0-1

[Event "46. Toreno La Roda 2019"]
[Site "La Roda ESP"]
[Date "2019.04.20"]
[Round "7.8"]
[White "Sivuk, Vitaly"]
[Black "Orantes Taboada, Francisco"]
[Result "1-0"]
[WhiteElo "2523"]
[BlackElo "2311"]
[PlyCount "121"]
[EventDate "2019.04.17"]
[EventType "swiss"]
[EventRounds "9"]
[EventCountry "ESP"]
[SourceTitle "Ajedrez en Madrid"]
[Source "lmi"]
[SourceDate "2019.04.17"]
[SourceVersion "1"]
[SourceVersionDate "2019.04.22"]
[SourceQuality "1"]

1. e4 c5 2. Nc3 Nc6 3. Bb5 Nd4 4. Nf3 Nxb5 5. Nxb5 a6 6. Nc3 d6 7. d4 Bg4 8.
dxc5 dxc5 9. Qxd8+ Rxd8 10. Ne5 Nf6 11. Be3 e6 12. f3 Bh5 13. Na4 Nd7 14. Nxd7
Rxd7 15. Bxc5 Bxc5 16. Nxc5 Rc7 17. b4 a5 18. c3 O-O 19. O-O b6 20. Na4 f5 21.
exf5 Rxf5 22. g4 Rg5 23. h4 Rg6 24. Rad1 axb4 25. cxb4 Rc4 26. Nb2 Rxb4 27.
Rd8+ Kf7 28. Nd3 Ke7 29. Nxb4 Kxd8 30. Nc6+ Kc7 31. Ne5 Rf6 32. gxh5 Rf5 33. f4
Rxh5 34. Kg2 Rxh4 35. Kg3 Rh5 36. Rd1 g5 37. Kg4 Rh2 38. fxg5 Rg2+ 39. Kf4 Rf2+
40. Ke3 Rf5 41. Nf3 Ra5 42. Rd2 Kc6 43. Ke4 Kc5 44. Rh2 Kd6 45. Rd2+ Ke7 46.
Ne5 Ra4+ 47. Rd4 Rxa2 48. Rd7+ Kf8 49. Rxh7 Re2+ 50. Kf4 Kg8 51. Re7 b5 52.
Rxe6 b4 53. Rb6 Rf2+ 54. Kg4 Rb2 55. Kf5 b3 56. Kg6 Kf8 57. Nd7+ Ke7 58. Nc5
Rg2 59. Rxb3 Kf8 60. Rf3+ Ke7 61. Ne4 1-0

[Event "46. Toreno La Roda 2019"]
[Site "La Roda ESP"]
[Date "2019.04.20"]
[Round "7.9"]
[White "Espinosa Aranda, Angel"]
[Black "Tudela Corbalan, Carlos"]
[Result "1/2-1/2"]
[WhiteElo "2482"]
[BlackElo "2252"]
[PlyCount "43"]
[EventDate "2019.04.17"]
[EventType "swiss"]
[EventRounds "9"]
[EventCountry "ESP"]
[SourceTitle "Ajedrez en Madrid"]
[Source "lmi"]
[SourceDate "2019.04.17"]
[SourceVersion "1"]
[SourceVersionDate "2019.04.22"]
[SourceQuality "1"]

1. d4 Nf6 2. Nf3 g6 3. g3 Bg7 4. b3 d6 5. Bb2 c6 6. Bg2 Nbd7 7. O-O O-O 8. a4
Rb8 9. Nbd2 b6 10. e4 c5 11. e5 Ne8 12. Re1 e6 13. exd6 Nxd6 14. Ne5 Bb7 15.
Ndf3 cxd4 16. Nxd7 Qxd7 17. Bxd4 f6 18. Bb2 Rbd8 19. Ba3 Rfe8 20. Qe2 e5 21.
Rad1 Qc6 22. Bxd6 1/2-1/2

[Event "46. Toreno La Roda 2019"]
[Site "La Roda ESP"]
[Date "2019.04.20"]
[Round "7.10"]
[White "Alonso Garcia, Aaron"]
[Black "Ladron De Guevara Pinto, Paolo"]
[Result "0-1"]
[WhiteElo "2242"]
[BlackElo "2429"]
[PlyCount "124"]
[EventDate "2019.04.17"]
[EventType "swiss"]
[EventRounds "9"]
[EventCountry "ESP"]
[SourceTitle "Ajedrez en Madrid"]
[Source "lmi"]
[SourceDate "2019.04.17"]
[SourceVersion "1"]
[SourceVersionDate "2019.04.22"]
[SourceQuality "1"]

1. e4 e5 2. Nf3 Nc6 3. Bc4 Nf6 4. d3 h6 5. c3 d6 6. a4 g6 7. Nbd2 Bg7 8. Nf1 d5
9. exd5 Nxd5 10. Ng3 O-O 11. O-O a6 12. Re1 Be6 13. a5 Qc8 14. Qb3 Rd8 15. Qa2
f5 16. Bd2 Bf7 17. Rad1 Rd7 18. h4 f4 19. Ne4 Qf8 20. b4 Rdd8 21. Ra1 Kh8 22.
Nc5 Rab8 23. Re2 Bg8 24. Rae1 Qf5 25. Ne4 Ra8 26. Qb1 b6 27. axb6 cxb6 28. Ba2
Qf8 29. Qb2 Nc7 30. Bb1 Nb5 31. Rf1 Rd7 32. Ree1 Rad8 33. Qa1 Ra8 34. Bc1 a5
35. Qa4 Nba7 36. b5 Nd8 37. c4 Ne6 38. Bb2 Nd4 39. Ned2 Re8 40. Qa1 Nc8 41.
Nxe5 Rxe5 42. Bxd4 Rxd4 43. Rxe5 Bxe5 44. Nb3 Qf6 45. Nxd4 Bxd4 46. Qa4 Qxh4
47. Qd1 Ne7 48. Qf3 Nf5 49. Qe4 Bf7 50. Bc2 Kh7 51. Qb7 Kg7 52. Qe4 h5 53. Bd1
Kh6 54. g3 Nxg3 55. Qf3 Nxf1 56. Kxf1 Be6 57. Ke1 Bc3+ 58. Kf1 Bh3+ 59. Kg1 Bd4
60. c5 Qg3+ 61. Kh1 Qxf3+ 62. Bxf3 Bxc5 0-1

[Event "46. Toreno La Roda 2019"]
[Site "La Roda ESP"]
[Date "2019.04.20"]
[Round "7.11"]
[White "Villalta Bustillo, Igor"]
[Black "Pilgaard, Kim"]
[Result "0-1"]
[WhiteElo "2209"]
[BlackElo "2418"]
[PlyCount "64"]
[EventDate "2019.04.17"]
[EventType "swiss"]
[EventRounds "9"]
[EventCountry "ESP"]
[SourceTitle "Ajedrez en Madrid"]
[Source "lmi"]
[SourceDate "2019.04.17"]
[SourceVersion "1"]
[SourceVersionDate "2019.04.22"]
[SourceQuality "1"]

1. d4 Nf6 2. Nf3 e6 3. Nbd2 d5 4. e3 c5 5. c3 Nbd7 6. Bd3 b6 7. Qe2 Bb7 8. e4
dxe4 9. Nxe4 cxd4 10. Nxd4 Be7 11. O-O O-O 12. Bg5 h6 13. Bh4 Nxe4 14. Bxe4
Bxe4 15. Bxe7 Qxe7 16. Qxe4 Nf6 17. Qf3 Rac8 18. Rfe1 Qc5 19. a4 a5 20. Nc2
Rfd8 21. Red1 Qc4 22. Ne3 Rxd1+ 23. Qxd1 Qc7 24. Qb3 Ne4 25. Rd1 Rd8 26. Rxd8+
Qxd8 27. Qc4 Qd2 28. Qf1 Qxb2 29. Nc4 Qxc3 30. Nxb6 Qd4 31. Nc4 Nxf2 32. Qxf2
Qxc4 0-1

[Event "46. Toreno La Roda 2019"]
[Site "La Roda ESP"]
[Date "2019.04.20"]
[Round "7.12"]
[White "Palacios Herrero, Pablo"]
[Black "Martinez Reyes, Pedro Ramon"]
[Result "1/2-1/2"]
[WhiteElo "2203"]
[BlackElo "2404"]
[PlyCount "135"]
[EventDate "2019.04.17"]
[EventType "swiss"]
[EventRounds "9"]
[EventCountry "ESP"]
[SourceTitle "Ajedrez en Madrid"]
[Source "lmi"]
[SourceDate "2019.04.17"]
[SourceVersion "1"]
[SourceVersionDate "2019.04.22"]
[SourceQuality "1"]

1. e4 c5 2. Nf3 Nc6 3. d4 cxd4 4. Nxd4 g6 5. Nc3 Bg7 6. Be3 Nf6 7. Bc4 O-O 8.
Bb3 d6 9. f3 Nxd4 10. Bxd4 Be6 11. Qd2 Qa5 12. O-O-O b5 13. Kb1 b4 14. Nd5 Bxd5
15. exd5 Qb5 16. Qd3 Qxd3 17. Rxd3 Rfc8 18. Re1 Rc7 19. c3 a5 20. cxb4 axb4 21.
Rdd1 Bh6 22. g3 Kf8 23. f4 Rac8 24. Rc1 g5 25. Rxc7 Rxc7 26. Bxf6 exf6 27. Re4
Re7 28. Rxb4 Re1+ 29. Kc2 Re2+ 30. Kd3 Rxh2 31. a4 Rh3 32. Kc2 gxf4 33. gxf4
Rf3 34. a5 Bxf4 35. a6 Be3 36. Rb7 Rf2+ 37. Kd3 Rf3 38. Bd1 Rg3 39. Ke4 f5+ 40.
Kxf5 Rg1 41. Ba4 h5 42. a7 Bxa7 43. Rxa7 h4 44. Rc7 h3 45. Rc2 Rg2 46. Rc3 h2
47. Rh3 Rxb2 48. Bc6 Kg7 49. Kg4 Kf6 50. Kg3 Kg5 51. Be8 f5 52. Rh5+ Kf6 53.
Rxh2 Rb3+ 54. Kh4 Rb4+ 55. Kh5 Re4 56. Bc6 Re7 57. Kh4 Re3 58. Rf2 Ke5 59. Kg5
Rg3+ 60. Kh4 Re3 61. Ra2 Kf4 62. Ra4+ Re4 63. Rxe4+ fxe4 64. Kh5 e3 65. Bb5 Ke4
66. Kg4 Kxd5 67. Kf3 Kd4 68. Ke2 1/2-1/2

[Event "46. Toreno La Roda 2019"]
[Site "La Roda ESP"]
[Date "2019.04.20"]
[Round "7.13"]
[White "Merario Alarcon, Andres"]
[Black "Torres Sanchez, Jose"]
[Result "1-0"]
[WhiteElo "2399"]
[BlackElo "2200"]
[PlyCount "53"]
[EventDate "2019.04.17"]
[EventType "swiss"]
[EventRounds "9"]
[EventCountry "ESP"]
[SourceTitle "Ajedrez en Madrid"]
[Source "lmi"]
[SourceDate "2019.04.17"]
[SourceVersion "1"]
[SourceVersionDate "2019.04.22"]
[SourceQuality "1"]

1. d4 Nf6 2. c4 e6 3. Nf3 c5 4. d5 exd5 5. cxd5 d6 6. Nc3 g6 7. Bf4 Nh5 8. Bg5
Be7 9. Bh6 Bf8 10. Qd2 a6 11. a4 b6 12. Bxf8 Kxf8 13. Qh6+ Kg8 14. Nd2 f5 15.
Nc4 Ra7 16. e3 Nf6 17. Qf4 Ne8 18. Bd3 Rf7 19. O-O g5 20. Qg3 h5 21. f4 g4 22.
e4 h4 23. Qe3 fxe4 24. Nxe4 Rh5 25. Rae1 b5 26. Ng5 bxc4 27. Bg6 1-0

[Event "46. Toreno La Roda 2019"]
[Site "La Roda ESP"]
[Date "2019.04.20"]
[Round "7.14"]
[White "Lopez Mulet, Inigo"]
[Black "Cuellar Montes, Alejandro"]
[Result "1-0"]
[WhiteElo "2368"]
[BlackElo "2091"]
[PlyCount "133"]
[EventDate "2019.04.17"]
[EventType "swiss"]
[EventRounds "9"]
[EventCountry "ESP"]
[SourceTitle "Ajedrez en Madrid"]
[Source "lmi"]
[SourceDate "2019.04.17"]
[SourceVersion "1"]
[SourceVersionDate "2019.04.22"]
[SourceQuality "1"]

1. d4 Nf6 2. c4 e6 3. g3 d5 4. Bg2 dxc4 5. Nf3 Nc6 6. Qa4 Bb4+ 7. Bd2 Nd5 8. e3
Rb8 9. Qb5 Bxd2+ 10. Nfxd2 O-O 11. Qxc4 Nb6 12. Qb3 e5 13. d5 Ne7 14. Nc3 Nf5
15. Nf3 Re8 16. O-O Nd6 17. e4 Bd7 18. Nd2 Qc8 19. Rfe1 Bh3 20. Bh1 Nd7 21.
Rac1 a6 22. Nd1 Nf8 23. Ne3 Qd8 24. a4 Ng6 25. Rc2 b5 26. a5 b4 27. Qd3 Nb5 28.
Nb3 Qg5 29. Qd2 Rbd8 30. Qxb4 h5 31. Qd2 h4 32. Bg2 Bxg2 33. Nxg2 Qf6 34. Nxh4
Nxh4 35. gxh4 Qxh4 36. f3 Rd6 37. Kh1 Rh6 38. Rg1 Qf6 39. Rg3 Rh5 40. Rc6 Nd6
41. Nc5 g6 42. Rxc7 Nc4 43. Nd7 Qh4 44. Qf2 Nd6 45. Rc6 Qe7 46. Nc5 Kg7 47.
Rxa6 Reh8 48. Rg2 Rh3 49. Ra7 Qf6 50. Ne6+ Kg8 51. Ra8+ Kh7 52. Ng5+ Kg7 53.
Nxh3 Rxa8 54. b4 Nb5 55. f4 exf4 56. Qxf4 Qd4 57. Ng5 Ra7 58. Qd2 Qe5 59. Qb2
Nc3 60. d6 Rd7 61. Rg3 f6 62. Qxc3 Qxd6 63. Nf3 Qf4 64. e5 Rd1+ 65. Rg1 Rxg1+
66. Kxg1 Qg4+ 67. Kf2 1-0

[Event "46. Toreno La Roda 2019"]
[Site "La Roda ESP"]
[Date "2019.04.20"]
[Round "7.15"]
[White "Tejedor Fuente, Enrique"]
[Black "Alvarez Nistal, David"]
[Result "1/2-1/2"]
[WhiteElo "2429"]
[BlackElo "2187"]
[PlyCount "138"]
[EventDate "2019.04.17"]
[EventType "swiss"]
[EventRounds "9"]
[EventCountry "ESP"]
[SourceTitle "Ajedrez en Madrid"]
[Source "lmi"]
[SourceDate "2019.04.17"]
[SourceVersion "1"]
[SourceVersionDate "2019.04.22"]
[SourceQuality "1"]

1. e4 c5 2. Nf3 Nc6 3. g3 g6 4. Bg2 Bg7 5. O-O e5 6. c3 Nge7 7. Na3 O-O 8. Nc4
d5 9. exd5 Nxd5 10. Re1 Re8 11. d3 h6 12. a4 Rb8 13. Nfd2 f5 14. Nf3 Kh7 15.
Bd2 b6 16. Qb3 Be6 17. Qa3 Bg8 18. Rad1 Qc7 19. b4 cxb4 20. cxb4 Bf8 21. Qb2
Bg7 22. Qa3 Bf8 23. Qb2 Bg7 24. Qb1 b5 25. axb5 Rxb5 26. Na3 Rbb8 27. b5 a6 28.
Rc1 axb5 29. d4 Qb6 30. Qxb5 Qxb5 31. Nxb5 Nxd4 32. Nbxd4 exd4 33. Red1 Nc3 34.
Bxc3 dxc3 35. Rd7 Red8 36. Rc7 Rbc8 37. R1xc3 Rxc7 38. Rxc7 Rd1+ 39. Bf1 Bd5
40. Ne5 Re1 41. Nd3 Re6 42. Nf4 Rd6 43. Bd3 Bf3 44. h4 Rc6 45. Rxc6 Bxc6 46. h5
Be8 47. Ne6 Be5 48. f4 Bd6 49. hxg6+ Kxg6 50. Kg2 Bd7 51. Nd4 Bc5 52. Nb3 Bb6
53. Nd2 Bc6+ 54. Kh3 Bd5 55. Bb5 Ba5 56. Nf1 Bb6 57. Be2 Bc5 58. Nh2 Bg1 59.
Nf1 Bc5 60. Bd3 Kf6 61. g4 fxg4+ 62. Kxg4 Bf7 63. Ng3 h5+ 64. Kh3 Be3 65. Ne4+
Ke7 66. f5 Bd5 67. f6+ Kf7 68. Kh4 Bxe4 69. Bxe4 Kxf6 1/2-1/2

[Event "46. Toreno La Roda 2019"]
[Site "La Roda ESP"]
[Date "2019.04.20"]
[Round "7.16"]
[White "Suarez Uriel, Adrian"]
[Black "Nicolas Zapata, Javier"]
[Result "1/2-1/2"]
[WhiteElo "2397"]
[BlackElo "2171"]
[PlyCount "33"]
[EventDate "2019.04.17"]
[EventType "swiss"]
[EventRounds "9"]
[EventCountry "ESP"]
[SourceTitle "Ajedrez en Madrid"]
[Source "lmi"]
[SourceDate "2019.04.17"]
[SourceVersion "1"]
[SourceVersionDate "2019.04.22"]
[SourceQuality "1"]

1. e4 e6 2. d4 d5 3. Nc3 dxe4 4. Nxe4 Nf6 5. Nxf6+ Qxf6 6. Nf3 h6 7. Bd3 Nc6 8.
O-O Bd6 9. Re1 O-O 10. c3 e5 11. dxe5 Nxe5 12. Nxe5 Bxe5 13. Qh5 Re8 14. Bd2
Bd7 15. Be4 Bd6 16. Rad1 Re5 17. Qf3 1/2-1/2

[Event "46. Toreno La Roda 2019"]
[Site "La Roda ESP"]
[Date "2019.04.20"]
[Round "7.19"]
[White "Quintin Navarro, Alberto"]
[Black "Diaz Mino, Pablo"]
[Result "1-0"]
[WhiteElo "2391"]
[BlackElo "2171"]
[PlyCount "131"]
[EventDate "2019.04.17"]
[EventType "swiss"]
[EventRounds "9"]
[EventCountry "ESP"]
[SourceTitle "Ajedrez en Madrid"]
[Source "lmi"]
[SourceDate "2019.04.17"]
[SourceVersion "1"]
[SourceVersionDate "2019.04.22"]
[SourceQuality "1"]

1. d4 Nf6 2. c4 e6 3. Nf3 Bb4+ 4. Bd2 a5 5. Nc3 b6 6. e3 Bb7 7. Bd3 O-O 8. Qc2
d5 9. cxd5 exd5 10. O-O Nbd7 11. Ne5 Bxc3 12. Nxd7 Qxd7 13. bxc3 Rad8 14. f3
Rfe8 15. Rfe1 c5 16. Rab1 Qc7 17. Re2 c4 18. Bf5 g6 19. Bh3 Nh5 20. Be1 Bc8 21.
Bxc8 Rxc8 22. g4 Ng7 23. Bg3 Qc6 24. Qb2 Re6 25. Qb5 Qa8 26. Kf2 Ne8 27. Reb2
Nd6 28. Qxb6 Ne4+ 29. fxe4 Rxb6 30. Rxb6 Rf8 31. g5 dxe4 32. Kg2 Qc8 33. h3 Qf5
34. Bf4 Qd7 35. R1b5 h6 36. gxh6 Kh7 37. Kg3 g5 38. Bxg5 Rg8 39. Kh4 Rf8 40.
Rb7 Qe6 41. R5b6 Qd5 42. Re7 Rg8 43. Re5 Qd7 44. Rf6 Rf8 45. Rf4 Qb7 46. Be7
Qb1 47. Bxf8 Qe1+ 48. Kg5 Qg1+ 49. Kf6 Qxe3 50. Rexe4 Qxh3 51. Kxf7 Qh5+ 52.
Ke7 Qg5+ 53. Kd6 Qd8+ 54. Kc5 Qc7+ 55. Kb5 Qb7+ 56. Kxc4 Qa6+ 57. Kb3 Qb6+ 58.
Ka3 Qb1 59. Re7+ Kh8 60. Bg7+ Kh7 61. Be5+ Kxh6 62. Rf6+ Kh5 63. Rf2 Qc1+ 64.
Kb3 a4+ 65. Kc4 Qb1 66. Rg7 1-0

[Event "46. Toreno La Roda 2019"]
[Site "La Roda ESP"]
[Date "2019.04.20"]
[Round "7.20"]
[White "Martin Duque, Jesus"]
[Black "Garrido Outon, Alex"]
[Result "1/2-1/2"]
[WhiteElo "2386"]
[BlackElo "2167"]
[PlyCount "52"]
[EventDate "2019.04.17"]
[EventType "swiss"]
[EventRounds "9"]
[EventCountry "ESP"]
[SourceTitle "Ajedrez en Madrid"]
[Source "lmi"]
[SourceDate "2019.04.17"]
[SourceVersion "1"]
[SourceVersionDate "2019.04.22"]
[SourceQuality "1"]

1. e4 d6 2. d4 Nf6 3. Nc3 e5 4. Nge2 Nbd7 5. h3 h5 6. Be3 c6 7. Qd2 Qa5 8. Nc1
Be7 9. Be2 exd4 10. Bxd4 Nc5 11. O-O Qc7 12. f3 Be6 13. b4 Ncd7 14. f4 Nb6 15.
f5 Bc4 16. a4 Bxe2 17. Qxe2 Nbd7 18. Nd3 Ne5 19. Rab1 Nfd7 20. Nf4 h4 21. b5
Bd8 22. bxc6 bxc6 23. Kh1 Qa5 24. Rb3 Bb6 25. Bxb6 axb6 26. Ra1 Nc5 1/2-1/2

[Event "46. Toreno La Roda 2019"]
[Site "La Roda ESP"]
[Date "2019.04.20"]
[Round "7.21"]
[White "Rodriguez Garcia, Manuel Fco"]
[Black "Del Rey, Diego"]
[Result "1/2-1/2"]
[WhiteElo "2152"]
[BlackElo "2355"]
[PlyCount "54"]
[EventDate "2019.04.17"]
[EventType "swiss"]
[EventRounds "9"]
[EventCountry "ESP"]
[SourceTitle "Ajedrez en Madrid"]
[Source "lmi"]
[SourceDate "2019.04.17"]
[SourceVersion "1"]
[SourceVersionDate "2019.04.22"]
[SourceQuality "1"]

1. d4 Nf6 2. c4 c5 3. d5 e6 4. Nc3 exd5 5. cxd5 Bd6 6. e4 Qe7 7. Bd3 Bc7 8. Nf3
d6 9. h3 O-O 10. O-O a6 11. a4 Nbd7 12. Bf4 Re8 13. Re1 Nf8 14. e5 dxe5 15.
Bxe5 Bxe5 16. Nxe5 Qd8 17. Qb3 N8d7 18. Nc4 Rb8 19. a5 b5 20. axb6 Rxe1+ 21.
Rxe1 Nxb6 22. Ne4 Nfxd5 23. Nxc5 Nd7 24. Bxh7+ Kh8 25. Qg3 N5f6 26. Bf5 Qf8 27.
Nxd7 Bxd7 1/2-1/2

[Event "46. Toreno La Roda 2019"]
[Site "La Roda ESP"]
[Date "2019.04.20"]
[Round "7.22"]
[White "Gonzalez Trigal, Jose Luis"]
[Black "Santos, Antonio P"]
[Result "1-0"]
[WhiteElo "2351"]
[BlackElo "2138"]
[PlyCount "107"]
[EventDate "2019.04.17"]
[EventType "swiss"]
[EventRounds "9"]
[EventCountry "ESP"]
[SourceTitle "Ajedrez en Madrid"]
[Source "lmi"]
[SourceDate "2019.04.17"]
[SourceVersion "1"]
[SourceVersionDate "2019.04.22"]
[SourceQuality "1"]

1. d4 Nf6 2. c4 g6 3. Nf3 Bg7 4. g3 O-O 5. Bg2 c5 6. d5 b5 7. cxb5 d6 8. Nc3 a6
9. b6 Qxb6 10. O-O Nbd7 11. h3 Rb8 12. e4 Ne8 13. Re1 Nc7 14. a4 Qa5 15. Ra3
Ne5 16. Nxe5 Bxe5 17. Rb3 Bd7 18. Bd2 c4 19. Rxb8 Rxb8 20. Qc2 Qb6 21. Rb1 e6
22. dxe6 Bxe6 23. Nd1 a5 24. Ne3 Qb3 25. Qxb3 Rxb3 26. Bxa5 Na6 27. Bf1 Nc5 28.
Bxc4 Bxc4 29. Nxc4 Nxa4 30. Bc7 Nc3 31. Re1 Nb5 32. Nxe5 Nxc7 33. Nc4 Nb5 34.
Rd1 Rb4 35. Nxd6 Rxb2 36. Nxb5 Rxb5 37. g4 h5 38. Kg2 hxg4 39. hxg4 Kf8 40. Kg3
g5 41. Rd5 Rb3+ 42. f3 f6 43. Rf5 Kg7 44. e5 fxe5 45. Rxg5+ Kf6 46. Rf5+ Ke6
47. Kh4 Rb8 48. Kh5 Rb4 49. Kg6 Rb8 50. Rf6+ Kd5 51. Kf5 Re8 52. g5 e4 53.
fxe4+ Rxe4 54. g6 1-0